书目信息 |
| 题名: |
热质交换原理与设备
|
|
| 作者: | 连之伟 主编 | |
| 分册: | ||
| 出版信息: | 北京 中国建筑工业出版社 2011.06 |
|
| 页数: | 295页 | |
| 开本: | 28cm | |
| 丛书名: | ||
| 单 册: | ||
| 中图分类: | TK124 | |
| 科图分类: | ||
| 主题词: | 热力工程--理论 | |
| 电子资源: | ||
| ISBN: | 7-112-13204-5 | |
| 000 | 00595nam0 2200205 450 | |
| 001 | 1836870600 | |
| 005 | 20201103112749.14 | |
| 010 | @a7-112-13204-5@dCNY35.00 | |
| 100 | @a20181218d2011 km y0chiy0120 ea | |
| 101 | 0 | @achi |
| 102 | @aCN@b110000 | |
| 200 | 1 | @a热质交换原理与设备@Are zhi jiao huan yuan li yu she bei@f连之伟主编@Flian zhi wei zhu bian |
| 205 | @a3版 | |
| 210 | @a北京@c中国建筑工业出版社@d2011.06 | |
| 215 | @a295页@d28cm | |
| 606 | 0 | @a热力工程@x理论 |
| 690 | @aTK124@v4 | |
| 701 | 0 | @a连之伟@Alian zhi wei@4主编 |
| 801 | 0 | @aCN@bMUSE@c20181218 |
| 905 | @aMUSE@dTK124@eL3832=3 | |
| 热质交换原理与设备/连之伟主编.-3版.-北京:中国建筑工业出版社,2011.06 |
| 295页;28cm |
| ISBN 7-112-13204-5:CNY35.00 |
| ● |
| 相关链接 |
|
|
|
正题名:热质交换原理与设备
索取号:TK124/L3832=3
 
预约/预借
| 序号 | 登录号 | 条形码 | 馆藏地/架位号 | 状态 | 备注 |
| 1 | 1301388 | 213013889 | 自科库501/501自科库 136排2列1层/ [索取号:TK124/L3832=3] | 在馆 | |
| 2 | 1501632 | 215016328 | 自科库501/501自科库 136排2列1层/ [索取号:TK124/L3832=3] | 在馆 |